00667nam a2200181 a 450000100100000000500170001000800410002704000250006808200090009324000460010224500680014826000740021630000210029070000390031104900090035095201090035999900170046800002195720200930011523.0091209s1971 dr a 001 0 spa d aDO-SdBNPbspacBNPHU axxxx10aPopulation and family educationlInglés00aPoblación y educación /ctradución Roberto Carrasco Ruiz. aMéxico :bOficina Nacional de la Unesco para la Educación,c1971. a155 p. ;c22 cm.1 aCarrasco Ruiz, Robertoetr.945538 aBNPD 0010718PDaGRbGRcCTd2010-09-15iLF1l0oxxxx p21957-10r2020-06-25w2020-06-25yLFPDZNo se presta c21455d21455